Eugenio Imaz: hombre, obra y pensamiento

Exploración al filósofo español Eugenio Ímaz desde tres facetas: como persona, desde su obra y desde su pensamiento. De forma compilatoria se presenta la lectura del filósofo español a partir de diversos autores con múltiples procedencias temporales y temáticas de trabajo. En la primera faceta se es...

Szczegółowa specyfikacja

Zapisane w:
Opis bibliograficzny
1. autor: Ascunde, José Angel
Format: Książka
Język:Undetermined
Wydane: México, Distrito Federal Fondo de Cultura Económico 1990
Hasła przedmiotowe:
Etykiety: Dodaj etykietę
Nie ma etykietki, Dołącz pierwszą etykiete!

MARC

LEADER 00000nam a2200000Ia 4500
008 170316s9999 xx 000 0 und d
040 |a cru BVZT 
090 |a 100 A-40e 
100 |a Ascunde, José Angel  |9 1094 
245 |a Eugenio Imaz: hombre, obra y pensamiento  |c / José Ángel Ascunde 
260 |a México, Distrito Federal  |b Fondo de Cultura Económico  |c 1990 
300 |a 234 páginas 
520 |a Exploración al filósofo español Eugenio Ímaz desde tres facetas: como persona, desde su obra y desde su pensamiento. De forma compilatoria se presenta la lectura del filósofo español a partir de diversos autores con múltiples procedencias temporales y temáticas de trabajo. En la primera faceta se estudia a Ímaz en paralelo con sus pensadores contemporáneos, se presentan memorias y recuerdos. En la segunda se estudian sus primeros escritos, la importancia de Dilthey en su obra y la inserción de la psicología. En la tercera faceta se presentan temas relacionados con la poesía, el humanismo, la cultura y la ciencia como elementos esenciales de su pensamiento 
650 |a FILOSOFÍA - BIOGRAFÍA  |9 1089 
999 |c 15596  |d 15596 
942 |c 15 D  |h 100 A-40e  |2 z